000 00991nam a2200361 a 4500
003 AR-BaBNM
005 20251128204742.0
008 082120s2002 ||||||||||||||000 | spa||
040 _cAR-BaBNM
245 0 0 _aPoesía y prosa religiosa de España
_bantología
260 _aBuenos Aires
_bColihue
_c1981
300 _a84 p.
490 0 _aLeer y crear
_vv. 44
500 _aContiene índice general de las materias
500 _aPropuestas de trabajo para los alumnos
500 _aBiografía del autor
504 _aBibliografía del autor y de la obra
600 0 4 _aJuan de la Cruz
600 0 4 _aLuis de León
600 0 4 _aTeresa de Jesus
650 4 _aLITERATURA
650 4 _aCULTURA
650 4 _aHUMANIDADES
650 4 _aEDUCACION
650 4 _aMATERIAL DIDACTICO
651 4 _aEspaña
653 _aEDUCACION SECUNDARIA
653 _aPOESIA RELIGIOSA
655 _aLITERATURA
800 1 _aPetruzzi, Herminia
_edirector
942 _cBK
998 _cisola
999 _c8677
_d8677